Statistics for Largest Objects in the Solar System

Click here to take the quiz!

General Stats

  • This quiz has been taken 86,307 times
  • The average score is 16 of 35

Answers on the Map

Answers color-coded by a green-red scale on the quiz's map according to % correct below.
 

Answer Stats

TypeMean Radius (km)Answer% Correct
Planet6,371.0Earth
99%
Planet3,389.5Mars
99%
Planet69,911Jupiter
98%
Planet58,232Saturn
98%
Planet6,051.8Venus
98%
Planet25,362Uranus
97%
Planet2,439.4Mercury
96%
Planet24,622Neptune
96%
Dwarf planet1,188.3Pluto
95%
Terran satellite1,737.5Moon
94%
Star695,508Sun
92%
Saturnian satellite2,574.7Titan
59%
Jovian satellite1,821.6Io
56%
Jovian satellite1,560.8Europa
54%
Jovian satellite2,634.1Ganymede
46%
Dwarf planet469.7Ceres
38%
Jovian satellite2,410.3Callisto
34%
Dwarf planet1,163Eris
29%
Neptunian satellite1,353.4Triton
29%
Plutonian satellite606.0Charon
25%
Dwarf planet715Makemake
22%
Saturnian satellite763.8Rhea
19%
Uranian satellite788.9Titania
18%
Dwarf planet780 (ellipsoid)Haumea
17%
Uranian satellite761.4Oberon
17%
Uranian satellite578.9Ariel
15%
Saturnian satellite561.7Dione
14%
Saturnian satellite735.6Iapetus
14%
Sednoid~498Sedna
14%
Saturnian satellite533.0Tethys
14%
Uranian satellite584.7Umbriel
14%
Dwarf planet?~615Gonggong
11%
Cubewano543Quaoar
11%
Plutino~455Orcus
10%
Cubewano~423Salacia
8%

Score Distribution

Percentile by Number Answered

Percent of People with Each Score

Your Score History

You have not taken this quiz